00000000nam##2200000za#4500
0019.686678
003CaOODSP
00520210624230638
007cr |||||||||||
008150407|2003||||xxc|||||o    f|0| 0 eng|d
040 |aCaOODSP|beng
043 |an-cn---
0861 |aRC31-17/2003E-PDF
1101 |aCanada.|bIndian Claims Commission.
24510|aMississaugas of the New Credit First Nation Inquiry, Toronto Purchase Claim / |h[electronic resource]|cPanel: Commissioner Daniel J. Bellegarde.
260 |aOttawa - Ontario : |bIndian Claims Commission |c2003.
300 |a[7], 31, [4]p.
590 |a03-39|b2003-09-26
69007|aIndigenous peoples|2gcpds
69007|aClaims|2gcpds
77508|tEnquête sur la Première Nation des Mississaugas de la New Credit, revendication relative à l'achat de Toronto / |w(CaOODSP)9.631130
7760#|tMississaugas of the New Credit First Nation Inquiry, Toronto Purchase Claim / |w(CaOODSP)9.649010
85640|ahttp://publications.gc.ca|qPDF|s238 KB|uhttps://publications.gc.ca/collections/Collection/RC31-17-2003E.pdf